| 000 | 00545nam a2200169Ia 4500 | ||
|---|---|---|---|
| 999 |
_c35927 _d35927 |
||
| 003 | OSt | ||
| 005 | 20201222110726.0 | ||
| 008 | 190216s9999||||xx |||||||||||||| ||und|| | ||
| 040 | _coclc | ||
| 082 |
_a510.92 _bRAM/N |
||
| 100 |
_aRamanujan, Srinivasa _97757 |
||
| 245 | 0 |
_aNotebooks Of Srinivasa Ramanujan / _cSrinivasa Ramanujan |
|
| 260 |
_bTata Institute Of Fundamental Research, _c1957. _aBombay: |
||
| 300 | _a351p | ||
| 650 | _aNote Book Of Srininvasa Ramanujan | ||
| 942 |
_cREF _2ddc _h510.92 _iRAM/N _k510.92 _mRAM/N |
||